000 00249nam a2200097Ia 4500
001 641702
005 20250826153512.0
008 250824s9999 xx 000 0 und d
245 0 _aÜÇ DENİZ ÖTESİ
_cAHMED GÜNBAY YILDIZ
260 _bTİMAŞ KÜLTÜR
999 _c641702
_d641702